உள்ளத்தின் விந்தைகள் (Record no. 1597)

MARC details
000 -LEADER
fixed length control field 007410000a22002170004500
003 - CONTROL NUMBER IDENTIFIER
control field LK-CoMWRAF
005 - DATE AND TIME OF LATEST TRANSACTION
control field 20240114125006.0
008 - FIXED-LENGTH DATA ELEMENTS--GENERAL INFORMATION
fixed length control field 230817t2009 ||||| |||| 00| 0 eng d
040 ## - CATALOGING SOURCE
Original cataloging agency LK-CoMWRAF
Modifying agency LK-CoMWRAF
Description conventions LK-CoMWRAF
041 ## - LANGUAGE CODE
Language code of text/sound track or separate title Tamil
082 ## - DEWEY DECIMAL CLASSIFICATION NUMBER
Classification number 297.2
Item number GAZ
942 ## - ADDED ENTRY ELEMENTS (KOHA)
Koha item type Books
100 ## - MAIN ENTRY--PERSONAL NAME
Personal name கஸ்ஸாலி, இமாம்
Personal name (Transliterated) Gazzali, Imam
700 ## - ADDED ENTRY--PERSONAL NAME
Personal name வஹ்ஹாப், எஸ். அப்துல்
Personal name (Transliterated) Wahhab, S. Abdul
Relator Term translator
245 ## - TITLE STATEMENT
Title உள்ளத்தின் விந்தைகள்
246 ## - VARYING FORM OF TITLE
Title proper/short title Ullaththin Vinthaigal
260 ## - PUBLICATION, DISTRIBUTION, ETC. (IMPRINT)
Place of publication, distribution, etc. Chennai:
Name of publisher, distributor, etc. Universal,
Date of publication, distribution, etc. 2009
300 ## - PHYSICAL DESCRIPTION
Extent 136 p.
856 ## - ELECTRONIC LOCATION AND ACCESS
Uniform Resource Identifier <a href="https://files.secure.website/wscfus/3019911/2342636/ullaththin-vinthaigal.pdf">https://files.secure.website/wscfus/3019911/2342636/ullaththin-vinthaigal.pdf</a>
650 ## - SUBJECT ADDED ENTRY--TOPICAL TERM
Topical term or geographic name as entry element ISLAM
Holdings
Withdrawn status Lost status Damaged status Not for loan Permanent Location Current Location Date acquired Full call number Barcode Koha item type
        Resource center, Muslim Women's Research And Action Forum Resource center, Muslim Women's Research And Action Forum 2023-08-17 GAZ RAF4736 Books

Copyright © 2023 Muslim Women's Research and Action Forum (MWRAF), No 27/3, Anderson Road, Kalubowila, Dehiwela. Funded by The Asia Fundation